Општине Јужне Србије - Statistics

General Stats
  • This quiz has been taken 86 times
    84 since last reset
  • The average score is 19 of 33
Answer Stats
Hint Answer % Correct
123.950 Лесковац
93%
74.381 Врање
93%
48.894 Пирот
86%
41.068 Бујановац
78%
25.695 Власотинце
74%
38.054 Прокупље
72%
16.991 Сурдулица
68%
8.043 Димитровград
67%
15.823 Куршумлија
61%
6.360 Медвеђа
61%
33.449 Прешево
61%
17.532 Владичин Хан
59%
43.098 Алексинац
57%
5.850 Гаџин Хан
57%
1.063 Црна Трава
57%
6.065 Босилеград
57%
18.119 Лебане
55%
14.680 Нишка Бања
52%
10.781 Сврљиг
51%
9.970 Бела Паланка
51%
9.109 Бабушница
51%
72.165 Палилула
49%
13.782 Житорађа
48%
9.315 Бојник
46%
4.316 Трговиште
46%
87.405 Медијана
45%
32.301 Црвени Крст
43%
9.682 Блаце
42%
54.462 Пантелеј
41%
15.837 Дољевац
41%
7.010 Ражањ
41%
11.873 Мерошина
39%
9.830 Врањска Бања
36%
No matching quizzes found
Score Distribution
Percent of People with Each Score
Percentile by Number Answered
Your Score History
You have not taken this quiz since the last reset